Estatísticas para Capitais mundiais mais próximas de Ottawa

Clique aqui para jogar o quiz

Estatísticas Gerais

  • Esse quiz foi jogado 26 vezes
  • A pontuação média é 10 de 20

Estatísticas das Respostas

kmcapital% Correto
3607Mexico City
100%
735Washington
100%
2556Havana
83%
3053Kingston
79%
3699Cidade da Guatemala
67%
3755San Salvador
67%
3003Porto Príncipe
63%
3048Santo Domingo
63%
2274Nassau
58%
3363Belmopan
54%
3656Tegucigalpa
50%
3840Manágua
46%
3355Basseterre
42%
3761Castries
38%
3611Roseau
38%
3403Saint John's
38%
2562Nuuk
21%
3703Oranjestad
8%
3267Philipsburg
4%
3763Willemstad
4%

Distribuição das Pontuações

Percentil de Números Respondidos

Porcentagem de Pessoas com Cada Pontuação

Sua Pontuação Histórica

Você não jogou esse quiz